Countries with the Most Overseas Territories - Statistics

General Stats
  • This quiz has been taken 102 times
  • The average score is 7 of 7
Answer Stats
# Territories Answer % Correct
2 Faroe Islands, Greenland Denmark
100%
17 Bermuda, Gibraltar... etc UK
100%
14 Guam, Puerto Rico... etc USA
99%
16 Guadeloupe, Réunion... etc France
98%
6 Christmas Island, Mcdonald Islands... etc Australia
95%
3 Bouvet Island, Svalbard... etc Norway
95%
3 Cook Islands, Niue New Zealand
90%
No matching quizzes found
Score Distribution
Percent of People with Each Score
Percentile by Number Answered
Your Score History
You have not taken this quiz